000 00399nam a22001697a 4500
003 MPLRDC
005 20220104151047.0
008 210129b ||||| |||| 00| 0 eng d
082 _a857.7 YF c.2
100 _a玉峰
245 _a财与色的谜宫
_c
250 _a初版
260 _a
_b科华图书出版公司
_c1983
300 _b
650 _a长篇小说
942 _cBK
_o857.7 YF c.2
999 _c52173
_d52163